ბათუმის შოთა რუსთაველის სახელმწიფო უნივერსიტეტის ბიბლიოთეკა

ბავშვთა ასაკის ქირურგია ორთოპედიით / (ბიბ.ჩანაწერი № 62462)

000 -ლიდერი
ფიქსირებული სიგრძის საკონტროლო ველი 00926nam a22001937a 4500
003 - საკონტროლო ნომრის იდენტიფიკატორი
საკონტროლო ველი Ge_BSU
005 - ბოლო ოპერაციის თარიღი და დრო
საკონტროლო ველი 20241113122429.0
008 - ფიქსირებული სიგრძის მონაცემთა ელემენტები - ზოგადი ინფორმაცია
ფიქსირებული სიგრძის საკონტროლო ველი 241113s1952 ge ||||| |||| 00| 0 geo d
041 ## - ენის კოდი
Language code of text/sound track or separate title geo
080 ## - უნივერსალური ათობითი კლასიფიკაციის ინდექსი
Universal Decimal Classification number 617-089-053.2 კ-67
100 ## - მთავარი ჩანაწერი - პიროვნების სახელი
Personal name კოკოჩაშვილი, მიხეილ.
9 (RLIN) 23684
245 ## - ცნობა სათაურის შესახებ
Title ბავშვთა ასაკის ქირურგია ორთოპედიით /
Statement of responsibility, etc მ. კოკოჩაშვილი, რედ. დ.მამამთავრიშვილი
264 ## - წარმოების, გამოცემის, დისტრიბუციის და სხვა ცნობები
გამოცემის, წარმოების, დისტრიბუციის... ადგილი თბილისი :
გამოცემის, წარმოების, დისტრიბუციის... სახელწოდება საქმედგამი,
გამოცემის, წარმოების, დისტრიბუციის... თარიღი 1952.
300 ## - ფიზიკური აღწერა
Extent 461 გვ. :
Other physical details ილ. ;
Dimensions 23 სმ.
653 ## - INDEX TERM--UNCONTROLLED
Uncontrolled term ბავშვთა ასაკის ქირურგია ორთოპედიით
653 ## - INDEX TERM--UNCONTROLLED
Uncontrolled term მედიცინა
700 ## - ADDED ENTRY--PERSONAL NAME
Personal name მამამთავრიშვილი, დ
Relator term რედაქტორი
9 (RLIN) 22349
942 ## - ADDED ENTRY ELEMENTS (KOHA)
Source of classification or shelving scheme
Koha item type წიგნი
ეგზემპლარები
ჩამოწერის სტატუსი დაკარგული ეგზემპლარის სტატუსი კლასიფიკაციის წყარო ან თაროზე გაწყობის სქემა დაზიანების სტატუსი არ გაიცემა მუდმივი მდებარეობა (დაცვის ადგილი) ამჟამინდელი ადგილსამყოფელი თაროზე განთავსების ადგილი შეძენის თარიღი ღირებულება, შესყიდვის ნორმალური ფასი სრული შენახვის შიფრი შტრიხკოდი ბოლო ოპერაციის თარიღი ეგზემპლარის მიმდევრობითი ნომერი (კეტერი?) ფასის ძალაში შესვლის თარიღი ეგზემპლარის სახეობა საჯარო შენიშვნა
          ბათუმის შოთა რუსთაველის სახელმწიფო უნივერსიტეტის მთავარი ბიბლიოთეკა ბათუმის შოთა რუსთაველის სახელმწიფო უნივერსიტეტის მთავარი ბიბლიოთეკა წიგნსაცავი 2024-11-13 12.00 617-089-053.2 კ-67 69731 2024-11-13 69731 2024-11-13 წიგნი 12.00